<?xml version="1.0" encoding="UTF-8"?>
<record
    xmlns:xsi="http://www.w3.org/2001/XMLSchema-instance"
    xsi:schemaLocation="http://www.loc.gov/MARC21/slim http://www.loc.gov/standards/marcxml/schema/MARC21slim.xsd"
    xmlns="http://www.loc.gov/MARC21/slim">

  <leader>01488cam a22002771i 4500</leader>
  <controlfield tag="003">SA-RiAUC</controlfield>
  <controlfield tag="005">20250706124619.0</controlfield>
  <controlfield tag="008">250703s1973    sy     g      000 0dara c</controlfield>
  <datafield tag="040" ind1=" " ind2=" ">
    <subfield code="a">SA-RiAUC</subfield>
    <subfield code="b">ara</subfield>
    <subfield code="c">SA-RiAUC</subfield>
    <subfield code="e">rda</subfield>
  </datafield>
  <datafield tag="082" ind1="0" ind2="4">
    <subfield code="a">251.14</subfield>
    <subfield code="q">SA-RiAUC</subfield>
  </datafield>
  <datafield tag="090" ind1=" " ind2=" ">
    <subfield code="a">251.14</subfield>
    <subfield code="b">&#x646; &#x627; &#x635;</subfield>
  </datafield>
  <datafield tag="100" ind1="1" ind2=" ">
    <subfield code="a">&#x627;&#x644;&#x646;&#x627;&#x635;&#x62D; &#x627;&#x628;&#x646; &#x627;&#x644;&#x62D;&#x646;&#x628;&#x644;&#x64A;&#x60C; &#x639;&#x628;&#x62F; &#x627;&#x644;&#x631;&#x62D;&#x645;&#x646; &#x628;&#x646; &#x646;&#x62C;&#x645; &#x628;&#x646; &#x639;&#x628;&#x62F; &#x627;&#x644;&#x648;&#x647;&#x627;&#x628;&#x60C;</subfield>
    <subfield code="d">554-634 &#x647;&#x62C;&#x631;&#x64A;</subfield>
    <subfield code="e">&#x645;&#x624;&#x644;&#x641;.</subfield>
  </datafield>
  <datafield tag="245" ind1="1" ind2="0">
    <subfield code="a">&#x643;&#x62A;&#x627;&#x628; &#x623;&#x642;&#x64A;&#x633;&#x629; &#x627;&#x644;&#x646;&#x628;&#x64A; &#x627;&#x644;&#x645;&#x635;&#x637;&#x641;&#x649; &#x645;&#x62D;&#x645;&#x62F; &#x635;&#x644;&#x649; &#x627;&#x644;&#x644;&#x647; &#x639;&#x644;&#x64A;&#x647; &#x648;&#x633;&#x644;&#x645; /</subfield>
    <subfield code="c">&#x646;&#x627;&#x635;&#x62D; &#x627;&#x644;&#x62F;&#x64A;&#x646; &#x639;&#x628;&#x62F; &#x627;&#x644;&#x631;&#x62D;&#x645;&#x646; &#x627;&#x644;&#x623;&#x646;&#x635;&#x627;&#x631;&#x64A; &#x61B; &#x62A;&#x62D;&#x642;&#x64A;&#x642; &#x623;&#x62D;&#x645;&#x62F; &#x62D;&#x633;&#x646; &#x62C;&#x627;&#x628;&#x631;.</subfield>
  </datafield>
  <datafield tag="246" ind1="3" ind2="0">
    <subfield code="a">&#x623;&#x642;&#x64A;&#x633;&#x629; &#x627;&#x644;&#x646;&#x628;&#x64A; &#x627;&#x644;&#x645;&#x635;&#x637;&#x641;&#x649; &#x645;&#x62D;&#x645;&#x62F; &#x635;&#x644;&#x649; &#x627;&#x644;&#x644;&#x647; &#x639;&#x644;&#x64A;&#x647; &#x648;&#x633;&#x644;&#x645;</subfield>
  </datafield>
  <datafield tag="264" ind1=" " ind2="1">
    <subfield code="a">[&#x62F;&#x645;&#x634;&#x642;] :</subfield>
    <subfield code="b">&#x62F;&#x627;&#x631; &#x646;&#x627;&#x635;&#x64A;&#x641;&#x60C;</subfield>
    <subfield code="c">1973</subfield>
  </datafield>
  <datafield tag="300" ind1=" " ind2=" ">
    <subfield code="a">241&#x635;&#x641;&#x62D;&#x629;&#x60C;</subfield>
    <subfield code="c">24 &#x633;&#x645; .</subfield>
  </datafield>
  <datafield tag="336" ind1=" " ind2=" ">
    <subfield code="a">&#x646;&#x635;</subfield>
    <subfield code="b">txt</subfield>
    <subfield code="2">rdacontent</subfield>
    <subfield code="3">&#x643;&#x62A;&#x627;&#x628;</subfield>
  </datafield>
  <datafield tag="337" ind1=" " ind2=" ">
    <subfield code="a">&#x628;&#x62F;&#x648;&#x646; &#x648;&#x633;&#x64A;&#x637;</subfield>
    <subfield code="b">n</subfield>
    <subfield code="2">rdamedia</subfield>
  </datafield>
  <datafield tag="338" ind1=" " ind2=" ">
    <subfield code="a">&#x645;&#x62C;&#x644;&#x62F;</subfield>
    <subfield code="b">nc</subfield>
    <subfield code="2">rdacarrier</subfield>
  </datafield>
  <datafield tag="600" ind1="0" ind2="7">
    <subfield code="a">&#x645;&#x62D;&#x645;&#x62F; (&#x635;&#x644;&#x649; &#x627;&#x644;&#x644;&#x647; &#x639;&#x644;&#x64A;&#x647; &#x648;&#x633;&#x644;&#x645;)&#x60C;</subfield>
    <subfield code="d">53 &#x642;&#x628;&#x644; &#x627;&#x644;&#x647;&#x62C;&#x631;&#x629;-11 &#x647;&#x62C;&#x631;&#x64A;</subfield>
    <subfield code="2">aucnm</subfield>
  </datafield>
  <datafield tag="650" ind1=" " ind2="7">
    <subfield code="a">&#x627;&#x644;&#x642;&#x64A;&#x627;&#x633; (&#x623;&#x635;&#x648;&#x644; &#x641;&#x642;&#x647;)</subfield>
    <subfield code="2">aucsh</subfield>
  </datafield>
  <datafield tag="700" ind1="1" ind2=" ">
    <subfield code="a">&#x62C;&#x627;&#x628;&#x631;&#x60C; &#x623;&#x62D;&#x645;&#x62F; &#x62D;&#x633;&#x646;</subfield>
    <subfield code="e">&#x645;&#x62D;&#x642;&#x642;.</subfield>
  </datafield>
  <datafield tag="700" ind1="1" ind2="2">
    <subfield code="i">&#x62A;&#x62D;&#x642;&#x64A;&#x642; &#x644;&#x640; (&#x639;&#x645;&#x644;) :</subfield>
    <subfield code="a">&#x627;&#x644;&#x646;&#x627;&#x635;&#x62D; &#x627;&#x628;&#x646; &#x627;&#x644;&#x62D;&#x646;&#x628;&#x644;&#x64A;&#x60C; &#x639;&#x628;&#x62F; &#x627;&#x644;&#x631;&#x62D;&#x645;&#x646; &#x628;&#x646; &#x646;&#x62C;&#x645; &#x628;&#x646; &#x639;&#x628;&#x62F; &#x627;&#x644;&#x648;&#x647;&#x627;&#x628;&#x60C;</subfield>
    <subfield code="d">554-634 &#x647;&#x62C;&#x631;&#x64A;</subfield>
    <subfield code="t">&#x643;&#x62A;&#x627;&#x628; &#x623;&#x642;&#x64A;&#x633;&#x629; &#x627;&#x644;&#x646;&#x628;&#x64A; &#x627;&#x644;&#x645;&#x635;&#x637;&#x641;&#x649; &#x645;&#x62D;&#x645;&#x62F; &#x635;&#x644;&#x649; &#x627;&#x644;&#x644;&#x647; &#x639;&#x644;&#x64A;&#x647; &#x648;&#x633;&#x644;&#x645;.</subfield>
  </datafield>
  <datafield tag="942" ind1=" " ind2=" ">
    <subfield code="2">ddc</subfield>
    <subfield code="c">BOOK</subfield>
    <subfield code="n">0</subfield>
  </datafield>
  <datafield tag="949" ind1=" " ind2=" ">
    <subfield code="a">SA-JeALM</subfield>
    <subfield code="d">250703</subfield>
    <subfield code="u">mohamedma123</subfield>
    <subfield code="n">1</subfield>
  </datafield>
  <datafield tag="952" ind1=" " ind2=" ">
    <subfield code="0">0</subfield>
    <subfield code="1">0</subfield>
    <subfield code="2">ddc</subfield>
    <subfield code="4">0</subfield>
    <subfield code="7">0</subfield>
    <subfield code="a">WAHAB</subfield>
    <subfield code="b">WAHAB</subfield>
    <subfield code="d">2025-07-06</subfield>
    <subfield code="l">0</subfield>
    <subfield code="o">251.14 &#x646; &#x627; &#x635;</subfield>
    <subfield code="p">000015571</subfield>
    <subfield code="r">2025-07-06 12:47:12</subfield>
    <subfield code="w">2025-07-06</subfield>
    <subfield code="y">BOOK</subfield>
  </datafield>
  <datafield tag="999" ind1=" " ind2=" ">
    <subfield code="c">9546</subfield>
    <subfield code="d">9546</subfield>
  </datafield>
</record>
